[Event "34. Copenhagen Open (Politiken Cup)"]
[Site "Elsinore"]
[Date "2012.07.30"]
[Round "4"]
[White "Svanholm, Borge Waaktaar"]
[Black "Inhoven, Stefan"]
[Result "1-0"]
[WhiteElo "1905"]
[BlackElo "2140"]
[PlyCount "95"]
[EventDate "2012.07.28"]
[EventType "swiss"]
[EventRounds "10"]
[EventCountry "DEN"]
[Source "ChessBase"]
[SourceDate "2012.08.24"]

1. c4 e5 2. Nc3 c5 3. e3 Nc6 4. Nge2 f5 5. d4 e4 6. Nf4 Nf6 7. Be2 cxd4 8. exd4
Bb4 9. O-O Bxc3 10. bxc3 O-O 11. f3 Qa5 12. Qc2 Re8 13. Rb1 a6 14. fxe4 fxe4
15. Be3 Ne7 16. d5 b5 17. cxb5 Nf5 18. Bc5 axb5 19. Rxb5 Qxa2 20. Rb2 Qa5 21.
Rb5 Qc7 22. Bb6 Qd6 23. Bc5 Qe5 24. g4 d6 25. Bb6 Nh4 26. Bd4 Qe7 27. h3 Ba6
28. Ra5 Bxe2 29. Rxa8 Rxa8 30. Qxe2 Qb7 31. Bxf6 gxf6 32. Qxe4 Qa7+ 33. Kh1 Qf7
34. Nh5 Ra5 35. c4 Ra3 36. Nxf6+ Kh8 37. Qe8+ Qxe8 38. Nxe8 Rxh3+ 39. Kg1 Rg3+
40. Kh2 Rxg4 41. Kh3 Rg8 42. Nf6 Rc8 43. Kxh4 Rxc4+ 44. Kg5 Rd4 45. Rh1 Kg7 46.
Rxh7+ Kf8 47. Kg6 Rd1 48. Rf7# 1-0

[Event "34. Copenhagen Open (Politiken Cup)"]
[Site "Elsinore"]
[Date "2012.07.30"]
[Round "4"]
[White "Tandrup, Michael"]
[Black "Sem Johansen, Asmund"]
[Result "1-0"]
[WhiteElo "1955"]
[BlackElo "1751"]
[PlyCount "49"]
[EventDate "2012.07.28"]
[EventType "swiss"]
[EventRounds "10"]
[EventCountry "DEN"]
[Source "ChessBase"]
[SourceDate "2012.08.24"]

1. e4 d5 2. exd5 Nf6 3. d4 Nxd5 4. c4 Nb6 5. Nc3 Nc6 6. Be3 Bf5 7. a3 e6 8. Nf3
h6 9. Bd3 g5 10. Bxf5 exf5 11. d5 Ne7 12. Bd4 Rg8 13. Qe2 g4 14. Nd2 Qd7 15.
Nb3 O-O-O 16. O-O-O Ng6 17. Rhe1 Nf4 18. Qf1 Kb8 19. g3 Nh3 20. Bf6 Rc8 21. c5
Na8 22. c6 bxc6 23. Qa6 cxd5 24. Rxd5 Bd6 25. Nc5 1-0

[Event "34. Copenhagen Open (Politiken Cup)"]
[Site "Elsinore"]
[Date "2012.07.30"]
[Round "4"]
[White "Tari, Aryan"]
[Black "Jorgensen, Carina Eilegaard"]
[Result "1-0"]
[WhiteElo "2256"]
[BlackElo "2039"]
[PlyCount "129"]
[EventDate "2012.07.28"]
[EventType "swiss"]
[EventRounds "10"]
[EventCountry "DEN"]
[Source "ChessBase"]
[SourceDate "2012.08.24"]

1. Nf3 c5 2. g3 d5 3. Bg2 Nc6 4. d4 cxd4 5. Nxd4 e5 6. Nxc6 bxc6 7. O-O Nf6 8.
c4 Be6 9. Nc3 h6 10. Qa4 Qd7 11. Rd1 Rd8 12. b3 Bc5 13. Bb2 O-O 14. Rac1 Bh3
15. cxd5 Bxg2 16. Kxg2 Qf5 17. e3 cxd5 18. Qb5 Ng4 19. Rd2 Bxe3 20. fxe3 Nxe3+
21. Kg1 d4 22. Nd1 Nd5 23. Qd3 Qg5 24. h4 Qg4 25. Nf2 Qe6 26. Re1 Ne3 27. Nd1
Ng4 28. Qe2 f5 29. Qc4 Qxc4 30. bxc4 Rc8 31. c5 Rf6 32. Nf2 Nxf2 33. Kxf2 Rxc5
34. Rde2 d3 35. Rd2 Rc2 36. Rxc2 dxc2 37. Bxe5 Ra6 38. Ke2 Rxa2 39. Rc1 g5 40.
hxg5 hxg5 41. Bf6 Ra3 42. Kf2 f4 43. gxf4 gxf4 44. Rxc2 Kf7 45. Bg5 Ke6 46.
Bxf4 Kd5 47. Be3 a6 48. Kf3 Ra4 49. Rc5+ Kd6 50. Rh5 Kc6 51. Rg5 Kd6 52. Ke2
Kc6 53. Kd3 Ra3+ 54. Ke4 a5 55. Rc5+ Kb7 56. Rb5+ Kc6 57. Rb6+ Kc7 58. Rh6 a4
59. Bd4 Kb7 60. Kd5 Rb3 61. Rh7+ Kc8 62. Kc6 Kd8 63. Bc5 Ke8 64. Re7+ Kd8 65.
Rf7 1-0

[Event "34. Copenhagen Open (Politiken Cup)"]
[Site "Elsinore"]
[Date "2012.07.30"]
[Round "4"]
[White "Teplyi, Igor"]
[Black "Andersen, Rune Egede"]
[Result "1-0"]
[WhiteElo "2388"]
[BlackElo "2076"]
[PlyCount "75"]
[EventDate "2012.07.28"]
[EventType "swiss"]
[EventRounds "10"]
[EventCountry "DEN"]
[Source "ChessBase"]
[SourceDate "2012.08.24"]

1. c4 Nf6 2. Nc3 e6 3. d4 Bb4 4. e3 d5 5. Nf3 O-O 6. Bd3 dxc4 7. Bxc4 a6 8. a3
Be7 9. Bd3 c5 10. dxc5 Nbd7 11. b4 a5 12. Bb2 axb4 13. axb4 Rxa1 14. Bxa1 Nb8
15. O-O Nc6 16. Na2 h6 17. Qc2 Qd5 18. Rd1 Qh5 19. Be2 Nd5 20. b5 Nd8 21. g3 f5
22. Nc3 Nf6 23. Ne5 Qe8 24. Na4 Ne4 25. f3 Nf6 26. Nb6 Nd5 27. Nxc8 Nxe3 28.
Nxe7+ Qxe7 29. Qc3 Nxd1 30. Bxd1 Qe8 31. c6 bxc6 32. bxc6 Nxc6 33. Nxc6 Qd7 34.
Bb3 Kh8 35. Ne5 Qa7+ 36. Kg2 Rb8 37. Bxe6 Qa6 38. Nf7+ 1-0

[Event "34. Copenhagen Open (Politiken Cup)"]
[Site "Elsinore"]
[Date "2012.07.30"]
[Round "4"]
[White "Verhasselt, Karsten"]
[Black "Madsen, Svend Aage"]
[Result "1/2-1/2"]
[WhiteElo "1814"]
[BlackElo "2074"]
[PlyCount "125"]
[EventDate "2012.07.28"]
[EventType "swiss"]
[EventRounds "10"]
[EventCountry "DEN"]
[Source "ChessBase"]
[SourceDate "2012.08.24"]

1. e4 c6 2. c4 d5 3. exd5 cxd5 4. cxd5 Qxd5 5. Nc3 Qa5 6. Bc4 Nf6 7. Nge2 e5 8.
Qb3 Qc7 9. Nb5 Qd7 10. Qa4 Na6 11. O-O Bc5 12. Nd6+ Ke7 13. Qxd7+ Bxd7 14. Nxb7
Bb6 15. Bxa6 Bc8 16. b3 Rb8 17. Bb2 Nd7 18. d4 Bxb7 19. Bxb7 Rxb7 20. dxe5 Nc5
21. Nf4 Rd8 22. Ba3 Ke8 23. e6 Ne4 24. Rae1 Nd2 25. Nh5 fxe6 26. Rxe6+ Kf7 27.
Rfe1 Rdd7 28. R6e3 Kg6 29. Nf4+ Kf5 30. Bc1 Ba5 31. Bxd2 Bxd2 32. Re5+ Kf6 33.
Nh5+ Kg6 34. Rd1 Bg5 35. Red5 Rxd5 36. Rxd5 Rc7 37. Ng3 Rc1+ 38. Nf1 Rc7 39. g3
Be7 40. Ne3 Bc5 41. Nc4 Bb4 42. Kf1 Re7 43. Ne5+ Kf6 44. Nc6 Re1+ 45. Kg2 Bc3
46. Nxa7 Ra1 47. a4 Rb1 48. Rb5 Rb2 49. Nc6 Be1 50. a5 Bxf2 51. Kf3 Rc2 52. Rb7
Bg1 53. Nb8 Bxh2 54. a6 Rc3+ 55. Kg2 Rc2+ 56. Kh3 Bg1 57. a7 h5 58. g4 Rh2+ 59.
Kg3 h4+ 60. Kf3 Rf2+ 61. Ke4 Re2+ 62. Kf3 Rf2+ 63. Ke4 1/2-1/2

[Event "34. Copenhagen Open (Politiken Cup)"]
[Site "Elsinore"]
[Date "2012.07.30"]
[Round "4"]
[White "Wimo, Jorgen"]
[Black "Bjorneboe, Kristian"]
[Result "0-1"]
[WhiteElo "1776"]
[BlackElo "1959"]
[PlyCount "96"]
[EventDate "2012.07.28"]
[EventType "swiss"]
[EventRounds "10"]
[EventCountry "DEN"]
[Source "ChessBase"]
[SourceDate "2012.08.24"]

1. Nf3 Nf6 2. g3 d6 3. Bg2 g6 4. d3 Bg7 5. O-O O-O 6. c4 e5 7. e4 Nc6 8. Nc3
Ne7 9. Bd2 c6 10. Rb1 Ne8 11. Nh4 f5 12. f4 Nf6 13. Nf3 Qc7 14. Qe2 fxe4 15.
dxe4 exf4 16. Bxf4 Ng4 17. c5 Ne5 18. Nxe5 dxe5 19. Bg5 Be6 20. Be3 b5 21. cxb6
axb6 22. Rxf8+ Rxf8 23. Rf1 Ra8 24. a3 b5 25. Bc5 Bc4 26. Qg4 Bxf1 27. Qe6+ Kh8
28. Bxf1 Ng8 29. Bd6 Qc8 30. Qf7 Nh6 31. Qf2 Qe6 32. Bc5 Qf6 33. Qc2 Nf7 34.
Bh3 Ng5 35. Bg2 Ne6 36. Be3 Nd4 37. Qd3 Rd8 38. Qf1 Qxf1+ 39. Bxf1 Rb8 40. Bd3
Bf6 41. Kg2 Kg7 42. h4 b4 43. axb4 Rxb4 44. Nd1 Rb8 45. Bc4 Bd8 46. Nc3 Rxb2+
47. Kh3 Rc2 48. Bxd4 exd4 0-1

[Event "34. Copenhagen Open (Politiken Cup)"]
[Site "Elsinore"]
[Date "2012.07.30"]
[Round "4"]
[White "Yildiz, Hasan"]
[Black "Schou Moldt, Thomas"]
[Result "1-0"]
[WhiteElo "2029"]
[BlackElo "2222"]
[PlyCount "83"]
[EventDate "2012.07.28"]
[EventType "swiss"]
[EventRounds "10"]
[EventCountry "DEN"]
[Source "ChessBase"]
[SourceDate "2012.08.24"]

1. c4 d6 2. Nc3 g6 3. Nf3 Bg7 4. g3 Nf6 5. d4 O-O 6. Bg2 Nc6 7. O-O Rb8 8. b3
a6 9. Bb2 b5 10. cxb5 axb5 11. e3 b4 12. Ne2 Na5 13. Rc1 Ba6 14. Re1 e6 15. Qc2
Rc8 16. Red1 Qe7 17. Bf1 c5 18. dxc5 dxc5 19. Nf4 Bxf1 20. Kxf1 c4 21. bxc4
Nxc4 22. Bxf6 Bxf6 23. Qb3 Bc3 24. Ne2 Qf6 25. Kg2 Na5 26. Qb1 Rc5 27. Nd2 Qe5
28. Ne4 Rc4 29. Nd4 Rfc8 30. Qd3 R4c7 31. Nb5 Rb7 32. Nbxc3 bxc3 33. Rxc3 Rxc3
34. Nxc3 Rc7 35. Nb5 Rc5 36. Qd8+ Kg7 37. Nd6 Rd5 38. Ne8+ Kh6 39. Qh4+ Qh5 40.
Rxd5 Qxh4 41. gxh4 exd5 42. Nf6 1-0

[Event "34. Copenhagen Open (Politiken Cup)"]
[Site "Elsinore"]
[Date "2012.07.30"]
[Round "4"]
[White "Zude, Erik"]
[Black "Timman, Jan H"]
[Result "1-0"]
[WhiteElo "2384"]
[BlackElo "2575"]
[PlyCount "71"]
[EventDate "2012.07.28"]
[EventType "swiss"]
[EventRounds "10"]
[EventCountry "DEN"]
[Source "ChessBase"]
[SourceDate "2012.08.24"]

1. d4 Nf6 2. c4 e6 3. Nc3 Bb4 4. e3 b6 5. Nge2 Bb7 6. a3 Bd6 7. d5 exd5 8. cxd5
O-O 9. g3 Re8 10. Bg2 Na6 11. O-O Nc5 12. Qc2 a5 13. b3 Qe7 14. Nd4 g6 15. Bb2
Rac8 16. Rad1 Nce4 17. Ndb5 Ba6 18. Nxd6 cxd6 19. Rfe1 Nxc3 20. Bxc3 Ng4 21.
Qd2 Rc7 22. f4 Rec8 23. Rc1 h5 24. Bd4 Rxc1 25. Rxc1 Rb8 26. e4 Kh7 27. Rc7 Qd8
28. Qc3 h4 29. Bf3 f5 30. Qc6 Bb5 31. Qxd6 Nh6 32. a4 Nf7 33. Qf6 Qxf6 34. Bxf6
Bd3 35. Rxd7 Kg8 36. e5 1-0

[Event "34. Copenhagen Open (Politiken Cup)"]
[Site "Elsinore"]
[Date "2012.07.31"]
[Round "5"]
[White "Aabling Thomsen, Jakob"]
[Black "Clementsson, Jan"]
[Result "1-0"]
[WhiteElo "2331"]
[BlackElo "2115"]
[PlyCount "79"]
[EventDate "2012.07.28"]
[EventType "swiss"]
[EventRounds "10"]
[EventCountry "DEN"]
[Source "ChessBase"]
[SourceDate "2012.08.24"]

1. e4 Nc6 2. Nf3 d6 3. d4 Nf6 4. Nc3 Bg4 5. Be3 e6 6. Be2 d5 7. e5 Nd7 8. O-O
Bb4 9. Nb1 O-O 10. c3 Be7 11. Nbd2 f6 12. exf6 Bxf6 13. h3 Bf5 14. Re1 e5 15.
Qb3 Nb6 16. dxe5 Bxe5 17. Nxe5 Nxe5 18. a4 c6 19. a5 Nbd7 20. Qxb7 Qf6 21. Qb4
Qg6 22. Qh4 Nd3 23. Bxd3 Bxd3 24. b4 a6 25. Bd4 Rae8 26. Re7 Rxe7 27. Qxe7 Bf5
28. Re1 Rf7 29. Qe8+ Nf8 30. Re3 Bd7 31. Qa8 Qc2 32. Nf3 h6 33. Qxa6 Ne6 34.
Qe2 Qf5 35. Ne5 Nf4 36. Qd1 Nxg2 37. Rg3 Re7 38. Kxg2 Rxe5 39. Bxe5 Qxe5 40.
Qd4 1-0

[Event "34. Copenhagen Open (Politiken Cup)"]
[Site "Elsinore"]
[Date "2012.07.31"]
[Round "5"]
[White "Amarapala, Sherington"]
[Black "Skovgaard, Ib"]
[Result "0-1"]
[WhiteElo "1732"]
[BlackElo "2006"]
[PlyCount "64"]
[EventDate "2012.07.28"]
[EventType "swiss"]
[EventRounds "10"]
[EventCountry "DEN"]
[Source "ChessBase"]
[SourceDate "2012.08.24"]

1. e4 Nf6 2. e5 Nd5 3. c4 Nb6 4. d4 d6 5. exd6 cxd6 6. Nf3 g6 7. b3 Bg7 8. Bb2
O-O 9. Bd3 Nc6 10. Qc2 Nb4 11. Qd2 Nxd3+ 12. Qxd3 Bf5 13. Qd2 Be4 14. Qe2 d5
15. Nbd2 Bxf3 16. Nxf3 dxc4 17. bxc4 Na4 18. Ba3 Qa5+ 19. Kf1 Qc3 20. Re1 Qxa3
21. Qxe7 Qxe7 22. Rxe7 Rab8 23. g3 Rfe8 24. Rc7 Rec8 25. Rxc8+ Rxc8 26. Kg2
Rxc4 27. Rd1 Nc3 28. Rc1 Rc7 29. Kf1 Kf8 30. Ke1 Nd5 31. Rd1 b5 32. Ne5 Re7 0-1

[Event "34. Copenhagen Open (Politiken Cup)"]
[Site "Elsinore"]
[Date "2012.07.31"]
[Round "5"]
[White "Ananthan, Arunn"]
[Black "Jacobsen, Fredrik Beer"]
[Result "0-1"]
[WhiteElo "1696"]
[BlackElo "1913"]
[PlyCount "112"]
[EventDate "2012.07.28"]
[EventType "swiss"]
[EventRounds "10"]
[EventCountry "DEN"]
[Source "ChessBase"]
[SourceDate "2012.08.24"]

1. e4 c5 2. Nf3 Nc6 3. d4 cxd4 4. Nxd4 Nf6 5. Nc3 d6 6. Be3 Ng4 7. Bf4 Bd7 8.
Nb3 g6 9. h3 Nf6 10. Be2 Bg7 11. Bf3 Rc8 12. O-O O-O 13. Qd2 Ne8 14. Bh6 Ne5
15. Be2 Nc4 16. Bxc4 Rxc4 17. Bxg7 Nxg7 18. Qd5 Qc8 19. Rad1 Be6 20. Qg5 f6 21.
Qe3 b6 22. f4 Rc7 23. e5 dxe5 24. fxe5 f5 25. Nd4 Bc4 26. Rf2 Ne6 27. Nf3 Nd8
28. Rfd2 e6 29. Qg5 Nf7 30. Qe3 Rc5 31. Na4 Ra5 32. b3 Bd5 33. c4 Bxf3 34. gxf3
Rxe5 35. Qc3 b5 36. Nb2 Qc5+ 37. Kg2 Re3 38. Qa5 Qc6 39. Rf2 a6 40. Qd2 f4 41.
Qd7 Qxd7 42. Rxd7 Rd8 43. Rxd8+ Nxd8 44. Rd2 Nf7 45. cxb5 axb5 46. Nd3 e5 47.
a4 bxa4 48. bxa4 Ng5 49. Kf2 Rxf3+ 50. Ke2 Re3+ 51. Kd1 Ne4 52. Rb2 Rxd3+ 53.
Kc1 Rc3+ 54. Kb1 Ra3 55. Rb4 Rxa4 56. Rxa4 Nc3+ 0-1

[Event "34. Copenhagen Open (Politiken Cup)"]
[Site "Elsinore"]
[Date "2012.07.31"]
[Round "5"]
[White "Andersen, Dag"]
[Black "Nordstrom, Hakon N"]
[Result "1-0"]
[WhiteElo "1907"]
[BlackElo "1776"]
[PlyCount "47"]
[EventDate "2012.07.28"]
[EventType "swiss"]
[EventRounds "10"]
[EventCountry "DEN"]
[Source "ChessBase"]
[SourceDate "2012.08.24"]

1. d4 e6 2. Nf3 b6 3. c4 Bb7 4. g3 f5 5. Bg2 Bb4+ 6. Bd2 Qe7 7. O-O Bxd2 8.
Qxd2 Nf6 9. Nc3 d6 10. d5 e5 11. Nh4 g6 12. e4 Bc8 13. exf5 Bxf5 14. Nxf5 gxf5
15. Qg5 f4 16. Qf5 fxg3 17. hxg3 Nbd7 18. Nb5 Kd8 19. Rfe1 Kc8 20. Nd4 Kb7 21.
b4 Raf8 22. Ne6 Rf7 23. c5 dxc5 24. d6+ 1-0

[Event "34. Copenhagen Open (Politiken Cup)"]
[Site "Elsinore"]
[Date "2012.07.31"]
[Round "5"]
[White "Andersen, Rune Egede"]
[Black "Rasmussen, Morten Fredsgaard"]
[Result "1-0"]
[WhiteElo "2076"]
[BlackElo "1916"]
[PlyCount "59"]
[EventDate "2012.07.28"]
[EventType "swiss"]
[EventRounds "10"]
[EventCountry "DEN"]
[Source "ChessBase"]
[SourceDate "2012.08.24"]

1. e4 c6 2. c4 d5 3. cxd5 cxd5 4. exd5 Nf6 5. Nc3 g6 6. Nf3 Bg7 7. Bb5+ Bd7 8.
Bc4 O-O 9. O-O Bg4 10. h3 Bxf3 11. Qxf3 Nbd7 12. Re1 Nb6 13. Bb3 Nfd7 14. d4
Bxd4 15. Bh6 Bg7 16. Bxg7 Kxg7 17. Rad1 Nf6 18. a4 Qd7 19. Qe3 Nc8 20. a5 b5
21. Qd4 Nd6 22. g4 Kg8 23. Re5 Rfe8 24. Rde1 a6 25. Qe3 Ra7 26. f3 Rc7 27. Qb6
Qc8 28. Kg2 Nd7 29. Qxd6 Rxc3 30. bxc3 1-0

[Event "34. Copenhagen Open (Politiken Cup)"]
[Site "Elsinore"]
[Date "2012.07.31"]
[Round "5"]
[White "Bach, Matthias"]
[Black "Yildiz, Hasan"]
[Result "1-0"]
[WhiteElo "2274"]
[BlackElo "2029"]
[PlyCount "59"]
[EventDate "2012.07.28"]
[EventType "swiss"]
[EventRounds "10"]
[EventCountry "DEN"]
[Source "ChessBase"]
[SourceDate "2012.08.24"]

1. b4 Nf6 2. Bb2 e6 3. b5 d5 4. e3 c5 5. f4 a6 6. Nf3 axb5 7. Bxb5+ Bd7 8. c4
dxc4 9. Nc3 Bc6 10. Ne5 Qb6 11. Nxc4 Qc7 12. O-O Nbd7 13. Bxc6 Qxc6 14. Ne5
Nxe5 15. fxe5 Nd7 16. Qh5 g6 17. Qh4 Bg7 18. Ne4 O-O 19. Nf6+ Nxf6 20. exf6 Ra4
21. d4 Bh8 22. Qh6 Rd8 23. Rf3 Rd5 24. Qf4 e5 25. Qe4 exd4 26. exd4 cxd4 27.
Rc1 Rc5 28. Rxc5 Qxc5 29. Qe8+ Qf8 30. Qxa4 1-0

[Event "34. Copenhagen Open (Politiken Cup)"]
[Site "Elsinore"]
[Date "2012.07.31"]
[Round "5"]
[White "Becker, Martin"]
[Black "Karlsson, Ulf"]
[Result "0-1"]
[WhiteElo "2375"]
[BlackElo "2012"]
[PlyCount "82"]
[EventDate "2012.07.28"]
[EventType "swiss"]
[EventRounds "10"]
[EventCountry "DEN"]
[Source "ChessBase"]
[SourceDate "2012.08.24"]

1. e4 c5 2. d4 cxd4 3. c3 g6 4. Nf3 d5 5. Qxd4 Nf6 6. Bb5+ Bd7 7. Bxd7+ Qxd7 8.
Ne5 Qd6 9. Bf4 Nc6 10. Qa4 Nxe4 11. O-O Bg7 12. Nxg6 Qxg6 13. Rd1 Qg4 14. Bg3
Qf5 15. Qb5 O-O-O 16. Na3 Nxg3 17. hxg3 h5 18. c4 e6 19. Rac1 dxc4 20. Qxc4
Bxb2 21. Nb5 Bxc1 22. Nxa7+ Kb8 23. Nxc6+ bxc6 24. Rxc1 Qb5 25. Qe4 Qd5 26.
Rb1+ Kc7 27. Qf4+ e5 28. Qa4 Ra8 29. Qh4 Qe6 30. Re1 f6 31. a4 Ra5 32. Qb4 Raa8
33. Qh4 Kd7 34. Rd1+ Ke7 35. Qb4+ Kf7 36. Rd6 Rhb8 37. Qc5 Qa2 38. Qxc6 Rb1+
39. Kh2 Qxf2 40. Qd5+ Kg7 41. Qb7+ Rxb7 0-1

[Event "34. Copenhagen Open (Politiken Cup)"]
[Site "Elsinore"]
[Date "2012.07.31"]
[Round "5"]
[White "Bejtovic, Jasmin"]
[Black "Halkias, Stelios"]
[Result "1/2-1/2"]
[WhiteElo "2408"]
[BlackElo "2570"]
[PlyCount "172"]
[EventDate "2012.07.28"]
[EventType "swiss"]
[EventRounds "10"]
[EventCountry "DEN"]
[Source "ChessBase"]
[SourceDate "2012.08.24"]

1. Nf3 d5 2. c4 e6 3. g3 Nf6 4. d4 Bb4+ 5. Bd2 Be7 6. Bg2 O-O 7. Qc2 c6 8. O-O
b6 9. Ne5 Bb7 10. Rd1 Nfd7 11. Nxd7 Nxd7 12. cxd5 cxd5 13. Nc3 Rc8 14. Qb3 Nb8
15. e3 Nc6 16. Rdc1 Na5 17. Qd1 Ba6 18. Bf1 Bxf1 19. Kxf1 Qd7 20. Rc2 Nc4 21.
Rac1 Bb4 22. Kg2 Bxc3 23. Bxc3 a5 24. Bd2 h6 25. b3 Nd6 26. Qe2 Rxc2 27. Rxc2
Rc8 28. Bc1 Rxc2 29. Qxc2 Qc8 30. Qxc8+ Nxc8 31. a4 h5 32. Ba3 f6 33. h3 Kf7
34. g4 hxg4 35. hxg4 g6 36. f3 Ke8 37. Kf2 Na7 38. Ke2 Nc6 39. f4 Kd7 40. Bf8
Ke8 41. Bd6 Kd7 42. Bf8 Nd8 43. Kf3 Nf7 44. Ba3 Nd8 45. Bf8 Nf7 46. Ba3 Kd8 47.
Bf8 Ke8 48. Ba3 Nd8 49. Bd6 Kd7 50. Bf8 Nc6 51. Ba3 Nb8 52. Bf8 Na6 53. Ba3 Nc7
54. Ke2 Ne8 55. Kf3 Nc7 56. Ke2 Na6 57. Bf8 Nb8 58. Ba3 Nc6 59. Kf3 Kd8 60. Ke2
Ke8 61. Bd6 Kd7 62. Ba3 Nd8 63. Kf3 Nf7 64. Bf8 Ke8 65. Ba3 f5 66. g5 Kd7 67.
Ke2 Nd8 68. Kd3 Nb7 69. Bf8 Nd8 70. Ba3 Nc6 71. Bf8 Kc7 72. Ba3 Nb8 73. Bf8 Nd7
74. Be7 b5 75. Kc3 bxa4 76. bxa4 Nb6 77. Kb3 Nc4 78. Bf6 Nxe3 79. Be5+ Kc6 80.
Kc3 Nc4 81. Bf6 Kd7 82. Bg7 Ne3 83. Be5 Nd1+ 84. Kb3 Nf2 85. Kc3 Ng4 86. Kb3
Ne3 1/2-1/2

[Event "34. Copenhagen Open (Politiken Cup)"]
[Site "Elsinore"]
[Date "2012.07.31"]
[Round "5"]
[White "Bekker Jensen, Simon"]
[Black "Haubro, Martin"]
[Result "1-0"]
[WhiteElo "2394"]
[BlackElo "2148"]
[PlyCount "77"]
[EventDate "2012.07.28"]
[EventType "swiss"]
[EventRounds "10"]
[EventCountry "DEN"]
[Source "ChessBase"]
[SourceDate "2012.08.24"]

1. d4 Nf6 2. c4 c5 3. d5 e6 4. Nc3 exd5 5. cxd5 d6 6. Nf3 g6 7. g3 Bg7 8. Bg2
O-O 9. O-O a6 10. a4 Re8 11. Bf4 Nh5 12. Bg5 Bf6 13. Bd2 Ng7 14. e4 Nd7 15. Bf4
Qe7 16. Re1 Rb8 17. Qd2 b5 18. axb5 axb5 19. Ra5 b4 20. Nb5 Ne5 21. Nxe5 Bxe5
22. Bxe5 Qxe5 23. f4 Qf6 24. Na7 Bd7 25. Raa1 Qd8 26. e5 Qc7 27. Nc6 Bxc6 28.
exd6 Qxd6 29. Ra6 Rec8 30. Qe2 Nf5 31. dxc6 Qd4+ 32. Qf2 Qd3 33. Ra7 Re8 34.
Rd7 Qb5 35. Bd5 Rxe1+ 36. Qxe1 Nh6 37. Qe7 Rf8 38. c7 Qa6 39. Rd8 1-0

[Event "34. Copenhagen Open (Politiken Cup)"]
[Site "Elsinore"]
[Date "2012.07.31"]
[Round "5"]
[White "Bendixen, Daniel"]
[Black "Nielsen, Hogni Egilstoft"]
[Result "0-1"]
[WhiteElo "1882"]
[BlackElo "2057"]
[PlyCount "66"]
[EventDate "2012.07.28"]
[EventType "swiss"]
[EventRounds "10"]
[EventCountry "DEN"]
[Source "ChessBase"]
[SourceDate "2012.08.24"]

1. e4 e5 2. Nf3 Nc6 3. Bc4 Nf6 4. d3 Bc5 5. O-O d6 6. h3 Be6 7. Bb3 Qd7 8. c3
Bb6 9. Bc2 Ne7 10. Ng5 Ng6 11. Nxe6 fxe6 12. Be3 O-O 13. Bxb6 axb6 14. g3 d5
15. Qe2 Qb5 16. Bb3 Kh8 17. Nd2 Rad8 18. Rad1 c5 19. Rfe1 Qc6 20. h4 Nd7 21.
Nf3 d4 22. Ng5 Rf6 23. Qg4 Ngf8 24. cxd4 cxd4 25. Rc1 Qd6 26. a3 h6 27. Nh3 Rg6
28. Qe2 Nh7 29. Qc2 Nc5 30. Bc4 Qd7 31. b4 Na4 32. Qb3 b5 33. Bxb5 Qxb5 0-1

[Event "34. Copenhagen Open (Politiken Cup)"]
[Site "Elsinore"]
[Date "2012.07.31"]
[Round "5"]
[White "Blomqvist, Erik"]
[Black "Skou, Niels"]
[Result "1-0"]
[WhiteElo "2457"]
[BlackElo "2150"]
[PlyCount "21"]
[EventDate "2012.07.28"]
[EventType "swiss"]
[EventRounds "10"]
[EventCountry "DEN"]
[Source "ChessBase"]
[SourceDate "2012.08.24"]

1. e4 d5 2. exd5 Nf6 3. d4 Nxd5 4. Nf3 g6 5. Be2 Bg7 6. O-O O-O 7. Re1 Nc6 8.
c3 e5 9. dxe5 Nxe5 10. Nxe5 Bxe5 11. Bf3 1-0

[Event "34. Copenhagen Open (Politiken Cup)"]
[Site "Elsinore"]
[Date "2012.07.31"]
[Round "5"]
[White "Bratholm, Palle"]
[Black "Hagen, Thorolf"]
[Result "1-0"]
[WhiteElo "2088"]
[BlackElo "1641"]
[PlyCount "69"]
[EventDate "2012.07.28"]
[EventType "swiss"]
[EventRounds "10"]
[EventCountry "DEN"]
[Source "ChessBase"]
[SourceDate "2012.08.24"]

1. e4 e5 2. Nf3 Nc6 3. Bb5 a6 4. Ba4 Nf6 5. O-O Bc5 6. c3 b5 7. Bb3 Bb6 8. a4
Bb7 9. Qe2 b4 10. d3 O-O 11. Bg5 d6 12. Nbd2 h6 13. Be3 Bxe3 14. Qxe3 bxc3 15.
bxc3 Ne7 16. Nh4 Bc8 17. h3 Be6 18. d4 Bxb3 19. Nxb3 exd4 20. cxd4 c6 21. Rac1
Re8 22. Qd3 Qd7 23. Rfd1 Qe6 24. Re1 Nh5 25. Qf3 Nf6 26. Re3 Reb8 27. Na5 Qd7
28. Rec3 Rb6 29. Nc4 Rb4 30. a5 Rab8 31. e5 dxe5 32. dxe5 Nfd5 33. Rd3 Qe6 34.
g4 Qxe5 35. Nxe5 1-0

[Event "34. Copenhagen Open (Politiken Cup)"]
[Site "Elsinore"]
[Date "2012.07.31"]
[Round "5"]
[White "Bremer, Erik"]
[Black "Maechel, Michael"]
[Result "0-1"]
[WhiteElo "1547"]
[BlackElo "1754"]
[PlyCount "84"]
[EventDate "2012.07.28"]
[EventType "swiss"]
[EventRounds "10"]
[EventCountry "DEN"]
[Source "ChessBase"]
[SourceDate "2012.08.24"]

1. Nf3 Nf6 2. d3 g6 3. e4 d6 4. g3 Bg7 5. Bg2 O-O 6. O-O c6 7. Nbd2 Nbd7 8. Re1
Qc7 9. Nf1 h6 10. c3 Nc5 11. N3d2 Nxd3 12. Re2 Ng4 13. Nb3 Nge5 14. Ne3 Be6 15.
Rd2 Nxc1 16. Nxc1 Rad8 17. Ne2 Ng4 18. Nc2 Qb6 19. Ned4 Bc8 20. Nb4 a5 21. Nd3
c5 22. Nb3 c4 23. Nxa5 Qxa5 24. Nb4 Qa7 25. Nd5 b5 26. a4 b4 27. Nxb4 Ne5 28.
Nd5 Bg4 29. Qe1 Bh3 30. Qe3 Qxe3 31. Nxe7+ Kh7 32. fxe3 Bxg2 33. Kxg2 h5 34.
Nd5 Bh6 35. Rf2 Ng4 36. Rf3 Kg7 37. h3 Ne5 38. Rf6 Bg5 39. Rf2 Rb8 40. Ra2 Nd3
41. Re2 Nc1 42. Rc2 Nxa2 0-1

[Event "34. Copenhagen Open (Politiken Cup)"]
[Site "Elsinore"]
[Date "2012.07.31"]
[Round "5"]
[White "Brondum, Jan Kraul"]
[Black "Hansen, Verner"]
[Result "0-1"]
[WhiteElo "1647"]
[BlackElo "1878"]
[PlyCount "60"]
[EventDate "2012.07.28"]
[EventType "swiss"]
[EventRounds "10"]
[EventCountry "DEN"]
[Source "ChessBase"]
[SourceDate "2012.08.24"]

1. Nf3 d5 2. d4 Nf6 3. g3 c6 4. Bg5 Nbd7 5. Bg2 Ne4 6. Bf4 Ndf6 7. Nfd2 Bf5 8.
f3 Nd6 9. c3 e6 10. O-O Be7 11. Re1 Nd7 12. e4 Bg6 13. Qb3 Nb6 14. Na3 O-O 15.
Rac1 Rc8 16. c4 dxc4 17. Naxc4 Nbxc4 18. Nxc4 Nb5 19. Red1 Nxd4 20. Qd3 c5 21.
Be5 b5 22. Ne3 Qb6 23. Bxd4 cxd4 24. Rxc8 Rxc8 25. Qxd4 Bc5 26. Rc1 h6 27. Rxc5
Qxc5 28. Qxc5 Rxc5 29. Kf2 b4 30. h4 Ra5 0-1

[Event "34. Copenhagen Open (Politiken Cup)"]
[Site "Elsinore"]
[Date "2012.07.31"]
[Round "5"]
[White "Buchal, Stephan"]
[Black "Haugsdal, Arn Tore"]
[Result "0-1"]
[WhiteElo "2320"]
[BlackElo "2068"]
[PlyCount "60"]
[EventDate "2012.07.28"]
[EventType "swiss"]
[EventRounds "10"]
[EventCountry "DEN"]
[Source "ChessBase"]
[SourceDate "2012.08.24"]

1. g3 e5 2. c4 h5 3. h3 h4 4. g4 d5 5. cxd5 Qxd5 6. Nf3 Qa5 7. Nc3 Nc6 8. d3 f5
9. gxf5 Bxf5 10. Bd2 O-O-O 11. a3 Nd4 12. Bg2 Qb6 13. Nxe5 Qe6 14. f4 g5 15. e3
Nb3 16. Qf3 c6 17. e4 Nxd2 18. Kxd2 gxf4 19. Nxc6 Qb3 20. Rac1 Bc5 21. Nd1 Be3+
22. Ke1 Bxc1 23. Nxd8 Bd7 24. Nxb7 Qxb7 25. Qf2 Kb8 26. Bf3 Ne7 27. Qc5 Rc8 28.
Qxe7 Rc2 29. Qf8+ Bc8 30. Qb4 Bd2+ 0-1